Pays qui consomment le plus de pétrole - Statistiques

Statistiques générales
  • Ce quiz a été pris 41 863 fois
  • Le résultat moyen est 17 sur 21
Statistiques - réponses
barils/j Pays % Correct
19,4 m États-Unis
99%
1,53 m France
99%
14,0 m Chine
98%
3,32 m Russie
96%
2,28 m Allemagne
95%
2,40 m Brésil
93%
1,23 m Espagne
93%
5,27 m Inde
93%
2,40 m Canada
92%
3,81 m Japon
91%
1,73 m Mexique
88%
1,12 m Royaume-Uni
88%
1,26 m Italie
87%
1,05 m Australie
84%
3,79 m Arabie Saoudite
79%
2,76 m Corée du Sud
71%
1,63 m Indonésie
68%
2,02 m Iran
63%
1,04 m Émirats Arabes Unis
58%
1,34 m Thaïlande
48%
1,34 m Singapour
20%
Aucun quiz correspondant
Distribution des résultats
% des personnes avec chaque résultat
Percentile par nombre de réponses
Votre historique - résultats
Vous n’avez pas pris ce quiz